| 000 | 01401nam0a2200337 4500 | ||
|---|---|---|---|
| 001 | RU\NLR\bibl\34420 | ||
| 005 | 20250615023652.0 | ||
| 010 |
_a5-04-002396-0 _940000 |
||
| 021 |
_aRU _b99-13894 _9670 |
||
| 021 |
_aRU _b1999-52432 _92601 |
||
| 035 | _a(NLR Aleph) 000033535 | ||
| 090 |
_a170016 _c170016 |
||
| 100 | _a19990622d1999 |||y0rusy50 ca | ||
| 101 | 0 | _arus | |
| 102 | _aRU | ||
| 105 | _ay ||||||||| | ||
| 200 | 1 |
_aБратва: разборки местного значения _e[Повести] _fЕвгений Монах |
|
| 210 |
_aМ. _cЭКСМО-Пресс _d1999 |
||
| 215 |
_a381 с. _d17 |
||
| 225 | 1 |
_aРусский бестселлер _eРБ |
|
| 327 | 1 | _aСодерж.: Свидетель преступного мира; Пластилиновая конфета, или кровь смывает все следы; Выстрел в спину, или долг кровью красен; Извозчик, или могила на двоих; Альбатрос; Краткий словарь воровского сленга | |
| 686 | _aШ6(2=Р)75-446 | ||
| 700 | 1 |
_aМонах _bЕ. М. _gЕвгений Михайлович _4070 |
|
| 801 | 0 |
_aRU _bNLR _c19990622 _gPSBO |
|
| 801 | 1 |
_aRU _bNLR _c19990622 |
|
| 830 | _aАвт. раскрыт по кн. | ||
| 852 |
_aNLR _j99-2/1123 |
||
| 942 | _cBOOK | ||
| 980 | _aNB | ||